01038nam a2200325 i 4500001000300000003000900003005001700012008004100029015001600070020001500086035002100101040003500122041000800157080000800165080001300173080001300186080000600199245010900205260003500314300003400349380001700383504003400400650003200434650003000466650002400496658002000520700004200540700003200582856009800614bgKOSZ 00520200227092011.0031216s2003 pl a |001 0 pol  aPB 2004/626 a838872407X a(OCoLC)830536059 aWA NcKOSZ 005/HRdKOSZ 005/HR0 apol a311 a167/168: a303.4/.8 a500aZastosowania metod statystycznych w badaniach naukowych II /c[red. Jacek Jakubowski, Janusz Wątroba]. aKraków :b"StatSoft",c2003. a384 s. :bil., mapy ;c24 cm. aKsiążki. aBibliogr. przy rozdz. Indeks. 4aNauki przyrodniczexmetody. 4aNauki społecznexmetody. 4aStatystykaxmetody. aNauka i badania1 aJakubowski, Jacekd(1954- )eRedakcja1 aWątroba, JanuszeRedakcja uhttp://koha.tu.koszalin.pl/cgi-bin/koha/opac-detail.pl?biblionumber=43872yKatalog online BPK